000 00699nam a2200193 i 4500
001 85160
003 ES-MaACL
005 20230906175208.0
007 t|
008 041125s1946 xxu ||||1| spa d
100 1 _aJones, J. Mervyn.
_966855
245 1 0 _aFull powers and ratification
_b: a study in the development to treaty-making procedure /
_cby J. Mervyn Jones.
260 _aCambridge :
_bCambridge University Press,
_c1946.
300 _aXV, 182 p. ;
_c23 cm.
490 1 _aCambridge studies in international and comparative law ;
_v2
830 0 _aCambridge studies in international and comparative law ;
_v2
_9231696
852 _aES-MaACL
_jC-5391
_bR.25595
999 _c85160
_d85160